German philosophers (Record no. 15851)
[ view plain ]
| 000 -LEADER | |
|---|---|
| fixed length control field | 00615nam a2200229Ia 4500 |
| 003 - CONTROL NUMBER IDENTIFIER | |
| control field | 0100 |
| 005 - DATE AND TIME OF LATEST TRANSACTION | |
| control field | 20160802123828.0 |
| 008 - FIXED-LENGTH DATA ELEMENTS--GENERAL INFORMATION | |
| fixed length control field | 130303s9999 xx 000 0 und d |
| 020 ## - INTERNATIONAL STANDARD BOOK NUMBER | |
| International Standard Book Number | 0192876937 |
| 040 ## - CATALOGING SOURCE | |
| Transcribing agency | ARRUPELIB |
| 050 ## - LIBRARY OF CONGRESS CALL NUMBER | |
| Classification number | B2741.G47 1997 |
| 300 ## - PHYSICAL DESCRIPTION | |
| Other physical details | 21 cm |
| 100 ## - MAIN ENTRY--PERSONAL NAME | |
| Personal name | Scruton, Roger...(et al.) |
| 9 (RLIN) | 24462 |
| 245 ## - TITLE STATEMENT | |
| Title | German philosophers |
| 260 ## - PUBLICATION, DISTRIBUTION, ETC. (IMPRINT) | |
| Place of publication, distribution, etc | Oxford |
| 260 ## - PUBLICATION, DISTRIBUTION, ETC. (IMPRINT) | |
| Name of publisher, distributor, etc | Oxford University Press |
| 300 ## - PHYSICAL DESCRIPTION | |
| Extent | 446 p. |
| 440 ## - SERIES STATEMENT/ADDED ENTRY--TITLE | |
| Title | Past masters |
| 9 (RLIN) | 14869 |
| 650 ## - SUBJECT ADDED ENTRY--TOPICAL TERM | |
| Topical term or geographic name as entry element | Philosophy |
| Chronological subdivision | 18th Century |
| Geographic subdivision | German |
| 9 (RLIN) | 24463 |
| 650 ## - SUBJECT ADDED ENTRY--TOPICAL TERM | |
| Topical term or geographic name as entry element | Philosophy |
| Chronological subdivision | 19th Century |
| Geographic subdivision | Germany |
| 9 (RLIN) | 24464 |
| 942 ## - ADDED ENTRY ELEMENTS (KOHA) | |
| Source of classification or shelving scheme | Library of Congress Classification |
| Koha item type | Monograph ( Printed materials) |
| Withdrawn status | Lost status | Source of classification or shelving scheme | Damaged status | Not for loan | Collection code | Home library | Current library | Date acquired | Total Checkouts | Full call number | Barcode | Date last seen | Date checked out | Copy number | Price effective from | Koha item type |
|---|---|---|---|---|---|---|---|---|---|---|---|---|---|---|---|---|
| Library of Congress Classification | Main Collection | ARRUPE LIBRARY | ARRUPE LIBRARY | 04/03/2013 | 4 | B2741.G47 1997 | 46500009250 | 26/03/2018 | 17/03/2018 | 1 | 04/03/2013 | Monograph ( Printed materials) |